各都道府県で一番多い苗字 - Statistics

General Stats
  • This quiz has been taken 24 times
  • The average score is 27 of 47
Answer Stats
Hint Answer % Correct
北海道 佐藤
100%
秋田県 佐藤
82%
福島県 佐藤
82%
岩手県 佐藤
77%
宮城県 佐藤
77%
山形県 佐藤
77%
茨城県 鈴木
73%
栃木県 鈴木
73%
埼玉県 鈴木
73%
千葉県 鈴木
73%
東京都 鈴木
73%
神奈川県 鈴木
73%
新潟県 佐藤
73%
滋賀県 田中
64%
京都府 田中
64%
大阪府 田中
64%
兵庫県 田中
64%
鳥取県 田中
64%
島根県 田中
64%
群馬県 高橋
59%
富山県 山本
59%
石川県 山本
59%
静岡県 鈴木
59%
愛知県 鈴木
59%
青森県 工藤
55%
福井県 田中
55%
福岡県 田中
55%
熊本県 田中
55%
岐阜県 加藤
50%
奈良県 山本
50%
和歌山県 山本
50%
岡山県 山本
50%
広島県 山本
50%
徳島県 佐藤
50%
大分県 佐藤
50%
山梨県 渡辺
45%
山口県 山本
45%
沖縄県 比嘉
45%
三重県 伊藤
41%
愛媛県 高橋
41%
高知県 山本
41%
宮崎県 黒木
41%
長野県 小林
32%
鹿児島県 中村
32%
香川県 大西
27%
佐賀県 山口
27%
長崎県 山口
23%
No matching quizzes found
Score Distribution
Percent of People with Each Score
Percentile by Number Answered
Your Score History
You have not taken this quiz